000 00544nam a2200169 a 4500
001 000005082
005 20200929151556.0
008 090729s1997 dr a 000 0 spa d
040 _aDO-SdBNP
_bspa
_cBNPHU
082 _axxxx
_bA664p
245 0 0 _aArbitraje, propiedad intelectual y ética judicial :
_bagenda VI.
260 _aSanto Domingo :
_bCRMJ,
_c1997.
300 _a317p. :
_bil. ;
_c22 cm.
490 1 _aForum Permanente
710 1 _aComisionado para la Reforma y Modernización de la Justicia
_914596
830 0 _aForum Permanente
_914597
999 _c4886
_d4886